This, But Not That X Quiz Stats

 Plays Quiz Updated Apr 11, 2018

Score 0/18 Timer 05:00
1 Play Today
% Correct
American Billionaires
90.7%
Bodies of Water
90%
Fingers
89.1%
Parts of a Book
88.2%
Fish
83.1%
Boxing Venues
81.5%
British R&B Singers Named 'Billy'
80.2%
Ways to Watch Movies
78.3%
Oil Companies
77.1%
% Correct
Ball Point Pen Parts
76.1%
Warner Bros. Lab Mice
75.5%
Muppets
75.4%
Types of Windows
75.3%
Visited Wonka's Chocolate Factory
62.6%
Hold 'Em Poker Terms
62.3%
Pulitzer Prize-Winning Plays
61.7%
Shakespeare Characters
58.7%
Shoe Maker's Tools
48.4%

You're not logged in!

Compare scores with friends on all Sporcle quizzes.
OR
Log In

Sporcle TV

Today on Sporcle TV


Watch our educational content, quiz creation guides, and fun videos on Sporcle TV.

Show Comments

Extras

Top Quizzes Today


Score Distribution

Your Account Isn't Verified!

In order to create a playlist on Sporcle, you need to verify the email address you used during registration. Go to your Sporcle Settings to finish the process.

Report this User

Report this user for behavior that violates our Community Guidelines.

Details: